000 00358 a2200169 4500
001 175215
020 _a85-322-3783-5
040 _cMagnum
100 _aBonjorno, Regina Azenha
240 1 0 _aTemas de física, 3
_lpor
245 1 0 _aTemas de física, 3
300 _a367
362 0 _a1997
440 1 _aFTD
697 _aFÍSICA MODERNA
942 _cBK
999 _c175215
_d175215